| 000 -LEADER |
| fixed length control field |
00856nam a2200217Ia 4500 |
| 001 - CONTROL NUMBER |
| control field |
16932 |
| 003 - CONTROL NUMBER IDENTIFIER |
| control field |
GE_BSU |
| 008 - FIXED-LENGTH DATA ELEMENTS--GENERAL INFORMATION |
| fixed length control field |
181216s||||||||xx |||||||||||||| ||und|| |
| 040 ## - CATALOGING SOURCE |
| Transcribing agency |
GE_BSU |
| 080 ## - UNIVERSAL DECIMAL CLASSIFICATION NUMBER |
| Universal Decimal Classification number |
821.353.1-1+ 821.353.1-11 + 821.353.1-32 |
| 100 ## - MAIN ENTRY--PERSONAL NAME |
| Personal name |
ერისთავი, რაფიელ |
| 245 ## - TITLE STATEMENT |
| Title |
რჩეული თხზულებანი : ერთტომეული |
| 245 ## - TITLE STATEMENT |
| Statement of responsibility, etc. |
წიგნი შეადგინა, რედ. გაუკეთა და ბოლოსიტყვაობა დაურთო ან. თევზაძემ |
| 260 ## - PUBLICATION, DISTRIBUTION, ETC. |
| Place of publication, distribution, etc. |
თბილისი |
| 260 ## - PUBLICATION, DISTRIBUTION, ETC. |
| Name of publisher, distributor, etc. |
საბჭ. მწერალი |
| 260 ## - PUBLICATION, DISTRIBUTION, ETC. |
| Date of publication, distribution, etc. |
1958 |
| 300 ## - PHYSICAL DESCRIPTION |
| Extent |
583გვ. ; 22სმ |
| 653 ## - INDEX TERM--UNCONTROLLED |
| Uncontrolled term |
ერთტომეული |
| 653 ## - INDEX TERM--UNCONTROLLED |
| Uncontrolled term |
რჩეული თხზულებანი |
| 942 ## - ADDED ENTRY ELEMENTS (KOHA) |
| Koha item type |
წიგნი |